Statistics for French colonies

Click here to take the quiz!

General Stats

  • This quiz has been taken 26 times
  • The average score is 6 of 8

Answer Stats

Hint Colony % Correct
Now part of CanadaQuebec
95%
Borders the Dominican RepublicHaiti
95%
Biggest island in AfricaMadagascar
95%
Cote d ivoireIvory Coast
75%
A brutal War lead to it's independanceAlgeria
70%
was annexed from the Ottoman Empire in 1918Syria
65%
Colony in South America, France still owns itFrench Guyana
45%
The US helped France in a War with this countryVietnam
45%

Score Distribution

Percentile by Number Answered

Percent of People with Each Score

Your Score History

You have not taken this quiz